Introducción al manejo de cuencas hidrográficas

Αποθηκεύτηκε σε:
Λεπτομέρειες βιβλιογραφικής εγγραφής
Κύριος συγγραφέας: Henao Sarmiento, Jesús Eugenio (Συγγραφέας)
Μορφή: Βιβλίο
Γλώσσα:Ισπανικά
Έκδοση: Bogotá Universidad Santo Tomás 2003
Θέματα:
Ετικέτες: Προσθήκη ετικέτας
Δεν υπάρχουν, Καταχωρήστε ετικέτα πρώτοι!

MARC

LEADER 00000nam a2200000 a 4500
001 UCI6000
003 CL-VaPUC
008 080418e20030000CK |||||||||||||||||spa|d
082 0 4 |a 333.73  |b HEN  |2 21 
100 0 |a Henao Sarmiento, Jesús Eugenio  |e author  |9 528704 
245 1 0 |a Introducción al manejo de cuencas hidrográficas 
300 |a 396 p 
942 |c BK 
945 |d 20080418 00:00:00  |a rbrito 
260 |a Bogotá  |b Universidad Santo Tomás  |c 2003 
650 0 |a Cuencas hidrográficas  |9 366259 
650 0 |a Análisis morfométrico  |9 528705 
650 0 |a Drenaje  |9 262510 
650 0 |a Hidrología  |9 261396 
650 0 |a Suelos  |9 260322 
650 0 |a Erosión  |9 262782 
650 0 |a Análisis de suelos   |9 524831 
650 0 |a Vegetación  |9 264748 
650 7 |a FAUNA  |2 CL-VaPUC  |9 349523 
650 0 |a Bosques  |9 269804 
583 |a last modification  |c 20080418 00:00:00  |k Rodrigo Vera 
999 |c 329633  |d 329631 
952 |0 0  |1 0  |4 0  |6 333_730000000000000_HEN_2003  |7 0  |8 A  |9 414568  |a BIBING  |b BIBING  |d 2019-11-22  |i 4429257  |o 333.73 HEN 2003  |p 4429257  |r 2025-01-20  |w 2019-11-22  |y BK  |k GEO